000 01272cam a2200361 a 4500
001 1964
003 OSt
005 20260416011404.0
008 100802s2009 np 000 0 nepo
010 _a 2010309009
020 _a9789937509169
025 _aN-N-2010-309009; 13
035 _a16370639
037 _bLibrary of Congress -- New Delhi Overseas Office
040 _aDLC
_cDLC
_dDLC
042 _alcode
_apcc
050 0 0 _aPK2598.D37
_bM8375 2009
245 0 0 _aMunāmadana samālocanā /
_c[sampādaka] Śailenduprakāśa Nepāla.
246 1 _iTitle on t.p. verso:
_aMunamadan samalochana
260 _aKāṭhamāḍauṃ :
_bMahākavi Devakoṭā Śatābdī Mahotsava,
_c2009.
300 _a531 p. ;
_c23 cm.
336 _atext
_btxt
_2rdacontent
337 _aunmediated
_bn
_2rdamedia
338 _avolume
_bnc
_2rdacarrier
520 _aContributed articles on Munāmadana, poems by Laxmi Prasad Devkota, 1908-1959, Nepali poet.
546 _aIn Nepali.
600 1 0 _aDevkota, Laxmi Prasad,
_d1908-1959.
_tMunāmadana.
700 1 _aNepāla, Śailenduprakāśa,
_d1961-
906 _a7
_bcbc
_corigode
_d3
_encip
_f20
_gy-gencatlg
942 _2ddc
_cBK
_n0
999 _c1964
_d1964